000 00539nam a2200193Ia 4500
003 GCL
008 140319s9999 xx 000 0 ara d
040 _aGCL /
_cGCL
082 0 4 _a251.15
_bع ا
100 1 _aعبدالمنعم النمر
245 1 0 _aالاجتهاد /
_cعبدالمنعم النمر
260 _a[S.N] :
_bالهيئة المصرية العامة للكتاب
300 _a331 ص
490 _a
650 0 4 _aالافتاء
650 0 4 _aالاجتهاد
650 0 4 _aفقه اسلامى
942 _2ddc
_cBK
999 _c55024
_d55024